Catálogo
 En Linea

Resumen : (Registro nro. 27043)

Detalles MARC
000 -CABECERA
campo de control de longitud fija 00468nam a2200157 a 4500
001 - NÚMERO DE CONTROL
campo de control 000027551
005 - FECHA Y HORA DE LA ÚLTIMA TRANSACCIÓN
campo de control 20240307185845.0
008 - DATOS DE LONGITUD FIJA--INFORMACIÓN GENERAL
campo de control de longitud fija 110401s1947 dr 000 0 spa d
040 ## - FUENTE DE LA CATALOGACIÓN
Centro catalogador/agencia de origen DO-SdBNP
Lengua de catalogación spa
Centro/agencia transcriptor BNPHU
082 ## - NÚMERO DE LA CLASIFICACIÓN DECIMAL DEWEY
Número de clasificación xxxx
Número de documento/Ítem D159r
049 ## - FONDOS LOCALES (OCLC)
Fondos de biblioteca BNPD
100 1# - ENTRADA PRINCIPAL--NOMBRE DE PERSONA
Nombre de persona Damirón, Rafael,
Fechas asociadas al nombre 1882-1956
9 (RLIN) 27287
245 10 - MENCIÓN DE TÍTULO
Título Resumen :
Resto del título (a los enemigos de Trujillo). /
Mención de responsabilidad, etc. Rafael Damiron.
260 ## - PUBLICACIÓN, DISTRIBUCIÓN, ETC.
Lugar de publicación, distribución, etc. Ciudad Trujillo, República Dominicana,
Fecha de publicación, distribución, etc. 1947.
300 ## - DESCRIPCIÓN FÍSICA
Extensión 85 p. ;
Dimensiones 24 cm.
Existencias
Estado de retiro Estado de pérdida Restricciones de uso No para préstamo Código de colección Localización permanente Ubicación/localización actual Ubicación en estantería Fecha de adquisición Número de inventario Total de préstamos Signatura topográfica completa Código de barras Fecha visto por última vez Número de copia Precio válido a partir de Tipo de ítem Koha Nota pública
        Raros y valiosos General General En catalogación 18.04.2011 LF1   xxxx D159r 27551-30 25.06.2020 e. 3 25.06.2020 Préstamo en sala  
        Raros y valiosos General General En catalogación 18.08.2011 LF1   xxxx D159r 27551-40 25.06.2020 e. 4 25.06.2020 Préstamo en sala  
      Excluido de préstamo Raros y valiosos Patrimonio Dominicano Patrimonio Dominicano Depósito 01.04.2011 LF1   xxxx D159r 27551-10 25.06.2020   25.06.2020 No se presta Perteneció a la biblioteca personal de Julio Ortega Frier.
      Excluido de préstamo Raros y valiosos Patrimonio Dominicano Patrimonio Dominicano En catalogación 18.04.2011 LF1   xxxx D159r 27551-20 25.06.2020 e. 2 25.06.2020 No se presta  

Con tecnología Koha